000 00472nam a2200169Ia 4500
999 _c12098
_d12098
003 OSt
005 20201014153624.0
008 190216s9999||||xx |||||||||||||| ||und||
040 _coclc
082 _a823.912
_bDIC/H
100 _aDickens, Monica
_94916
245 4 _aThe Happy Prisoner /
_cMonica Dickens
260 _bLongmans,
_c1966.
_aLondon:
300 _a237p
650 _aEnglish Novel
942 _cBK
_2ddc
_h823.912
_iDIC/H
_k823.912
_mDIC/H